Vista normal
Vista MARC
Entrada Personal Name
Número de registros utilizados en: 1
001 - CONTROL NUMBER
- control field: 4470
003 - CONTROL NUMBER IDENTIFIER
- control field: OSt
005 - DATE AND TIME OF LATEST TRANSACTION
- control field: 20200516003800.0
008 - FIXED-LENGTH DATA ELEMENTS
- fixed length control field: 200516|| aca||aabn | a|a d
040 ## - CATALOGING SOURCE
- Original cataloging agency: OSt
- Transcribing agency: OSt
100 ## - HEADING--PERSONAL NAME
- Personal name: Castro Leal, Antonio,
670 ## - SOURCE DATA FOUND
- Source citation: Work cat.: (OSt)5697: Dobb, Maurice, autor 2560, Introducción a la economía / , 1959